00234 a2200109 4500003000500000005001700005040000900022082001100031245003000042440003000072538002200102Nust20170207154231.0 cNust a371.33 aWe Were Soldier (VHS-390) aWe Were Soldier (VHS-390) aDuration Mins 138